000
00281nam a2200121 a 4500
008
101026s1973|||| d
100
1
_a
Mészoly, Miklós
245
1
0
_a
Cestovné výájavy
260
_b
Tatran
_a
Bratislava
_c
1973
020
_c
15
041
_a
slo
044
_a
xo
_c
SK
999
_c
12308
_d
12308